Music Quiz

Random Music or Clickable Quiz

Famous Songs' First Words Quiz Stats

 Plays Quiz Updated May 4, 2017

Support Sporcle.
Go Orange.
Score 0/36 Timer 08:00
12 Plays Today
% Correct
Somewhere
81.4%
Young
69.8%
Risin'
61.2%
Just
58.3%
There's
57.2%
On
56.3%
What
49.7%
A
49.5%
All
49.5%
Is
48.6%
Goodbye
47.2%
She
46.8%
Wake
46.2%
People
45.3%
Very
41.8%
Some
41.8%
I
41.1%
Why
40.2%
% Correct
Another
39.5%
When
36.5%
Now
35.1%
Look
34.4%
Life
34%
If
33.7%
It's
33%
You
30.4%
Deep
29.7%
And
28.5%
Maybe
28.3%
So
27.9%
By
26.5%
See
24.5%
Once
22.4%
Load
21.5%
We
17.3%
Childhood
14.7%

You're not logged in!

Compare scores with friends on all Sporcle quizzes.
OR
Log In

From the Vault

Short-Named Celebrities II

by BanjoZebra

Alright, but what exactly is it short for? We're still trying to figure it out.
Remove Ads.
Support Sporcle.
Get the best of Sporcle when you Go Orange. This ad-free experience offers more features, more stats, and more fun while also helping to support Sporcle. Thank you for becoming a member.

Show Comments

Extras

Top Quizzes Today


Score Distribution

Your Account Isn't Verified!

In order to create a playlist on Sporcle, you need to verify the email address you used during registration. Go to your Sporcle Settings to finish the process.

Report this User

Report this user for behavior that violates our Community Guidelines.

Details: